Начальные основания электротехники

Xehetasun bibliografikoak
Egile nagusia: Флоренсов (Флоренцов) В. Я. Владимир Яковлевич
Gaia:Текст в русской дореформенной орфографии
Раздельная пагинация страниц
Печатано по распоряжению Главного управления Военно-учебных заведений
Первое руководство по этому предмету на русском языке
Hizkuntza:errusiera
Argitaratua: Санкт-Петербург, Типография Е. Евдокимова, 1884
Gaiak:
Formatua: Liburua
KOHA link:https://koha.lib.tpu.ru/cgi-bin/koha/opac-detail.pl?biblionumber=362177

MARC

LEADER 00000nam0a2200000 4500
001 362177
005 20231102011449.0
035 |a (RuTPU)RU\TPU\retro\19523 
090 |a 362177 
100 |a 20210719d1884 km y0rusy50 ca 
101 0 |a rus 
102 |a RU 
105 |a a z 000zy 
200 1 |a Начальные основания электротехники  |f В. Я. Флоренсов (Флоренцов) 
210 |a Санкт-Петербург  |c Типография Е. Евдокимова  |d 1884 
215 |a VIII, 122, [2] с.  |c ил. 
300 |a Текст в русской дореформенной орфографии 
300 |a Раздельная пагинация страниц 
300 |a Печатано по распоряжению Главного управления Военно-учебных заведений 
300 |a Первое руководство по этому предмету на русском языке 
316 |5 63413507: 13//332  |a На титульном листе владельческий штамп: "Павел Козьмич Гудков" 
606 1 |a Электротехника общая  |2 stltpush  |3 (RuTPU)RU\TPU\subj\20906  |9 45967 
610 1 |a владельческие знаки 
610 1 |a электричество 
610 1 |a электрический ток 
610 1 |a сохранение энергии 
610 1 |a закон Ома 
610 1 |a закон Джоуля 
610 1 |a сила тока 
610 1 |a гальванические элементы 
610 1 |a аккумуляторы 
610 1 |a батареи 
610 1 |a электрические машины 
610 1 |a обмотки электрических машин 
610 1 |a переменный ток 
610 1 |a электроосвещение 
610 1 |a лампы 
610 1 |a телефоны 
675 |a 621.3  |v 4 
700 1 |a Флоренсов (Флоренцов)  |b В. Я.  |g Владимир Яковлевич 
801 1 |a RU  |b 63413507  |c 20210719 
801 2 |a RU  |b 63413507  |c 20210719  |g RCR 
942 |c BK